000 00654nam a22002417a 4500
003 UA-OsUOA
001 26400
007 ta
008 20040527b un ||||| |||| 00| 0 ukr d
090 _a316
_bУ45
942 _cBK
040 _aUA-OsUOA
_bukr
_cUA-OsUOA
_dUA-OsUOA
245 _aУкраїна в сучасному світі. Конференція випускників програм наукового стажування у США
300 _a395 с.
955 _a0
041 _aukr
080 _a316
020 _a966-7321-75-4
260 _aКиїв
_bСтилос
_c2003
044 _aUA
650 7 _2UDC
999 _c312723
_d312723